[Event "Chega!"]
[Site "http://www.queenalice.com/game.php?id=343852"]
[Date "2008.1.27"]
[Round "-"]
[White "gruber"]
[Black "fferraz"]
[Result "0-1"]
[WhiteElo "1306"]
[BlackElo "1336"]

1. e4 d5 2. e5 Nc6 3. Bb5 a6 4. Bxc6+ bxc6 5. g4 e6 6. Nf3 f5 7. exf6 Nxf6 8.
Ne5 Qd6 9. d4 c5 10. f4 g6 11. g5 Ne4 12. a4 cxd4 13. Qxd4 c5 14. Nc4 cxd4 15.
Nxd6+ Bxd6 16. Ke2 Rf8 17. Rf1 e5 18. c3 dxc3 19. bxc3 exf4 20. Rf3 Bg4 21. Bxf4
Bxf4 22. h3 Ng3+ 23. Kf2 Ne4+ 24. Kg2 Bxf3+ 25. Kxf3 Bxg5+ 26. Ke2 Rb8 27. Kd3
Nf2+ 28. Kd4 Rf5 29. Na3 Rb2 30. Re1+ Kd7 31. c4 Rd2+ 32. Kc3 Rf3+ 33. Kb4 Rb2+
34. Kc5 Rf5 35. cxd5 Be7+ 36. Kd4 Rb4+ 37. Ke3 Bg5+ 38. Ke2 Rb2+ 39. Kf1 Nxh3#
0-1

[Event "Challenge"]
[Site "http://www.queenalice.com/game.php?id=346904"]
[Date "2008.2.1"]
[Round "-"]
[White "clodoaldopaiva"]
[Black "gruber"]
[Result "1-0"]
[WhiteElo "1412"]
[BlackElo "1318"]

1. e4 e5 2. d4 Nc6 3. d5 Nd4 4. Qh5 Nf6 5. Qxe5+ Qe7 6. Qxd4 Qxe4+ 7. Ne2 Qxd4
8. Nxd4 Nxd5 9. Nb5 b6 10. c4 c6 11. cxd5 cxb5 12. Bxb5 a6 13. Bd3 d6 14. Na3
Bb7 15. Be4 Rc8 16. Be3 g6 17. Bxb6 Bg7 18. Rb1 f5 19. Bd3 O-O 20. O-O Rfe8 21.
b4 Re2 22. Bxe2 Bd4 23. Nc4 Rc5 24. Nxd6 Ba1 25. Nxb7 1-0

[Event "Challenge"]
[Site "http://www.queenalice.com/game.php?id=349038"]
[Date "2008.2.5"]
[Round "-"]
[White "clodoaldopaiva"]
[Black "gruber"]
[Result "0-1"]
[WhiteElo "1439"]
[BlackElo "1291"]

1. e3 e6 2. Nf3 Bb4 3. c3 Ba5 4. b4 Bb6 5. a4 a5 6. Qb3 d5 7. c4 Nf6 8. Bb2 Nc6
9. Bc3 Qd6 10. c5 Bxc5 11. bxc5 Qxc5 12. Bb5 h5 13. d4 Qd6 14. Ne5 Bd7 15. Nd2
h4 16. e4 h3 17. g3 dxe4 18. Ndc4 Qe7 19. Bxc6 bxc6 20. Nxa5 c5 21. Qb7 Rc8 22.
Nac6 Qf8 23. Nxd7 Kxd7 24. Ne5+ Kd8 25. dxc5 Qxc5 26. Rd1+ Ke8 27. Qxc8+ Ke7 28.
Qd7+ Nxd7 29. Rxd7+ Ke8 30. O-O Qxc3 31. Rxf7 Qxe5 32. Rf4 g5 33. Rg4 Rf8 34. f4
exf3 35. Rc4 c5 36. a5 f2+ 37. Rxf2 Qe1+ 0-1

[Event "Challenge"]
[Site "http://www.queenalice.com/game.php?id=352763"]
[Date "2008.2.11"]
[Round "-"]
[White "gruber"]
[Black "pabloitu"]
[Result "1-0"]
[WhiteElo "1305"]
[BlackElo "1376"]

1. e3 e5 2. a4 Qf6 3. b3 d6 4. Ba3 Nh6 5. Nc3 Qf5 6. e4 Qg4 7. f3 Qf4 8. Nd5 Na6
9. Nxf4 exf4 10. d3 c5 11. Qd2 f5 12. Qxf4 fxe4 13. Qxe4+ Be7 14. O-O-O Bf5 15.
Qxb7 Kf7 16. Qxa6 Bg5+ 17. Kb1 Rhe8 18. g4 Bc8 19. Qxd6 Re6 20. Qxc5 Be3 21. d4
Bd7 22. Qc7 Ke8 23. Bc4 Rc8 24. Qxa7 Bf4 25. d5 Rg6 26. Re1+ Kd8 27. Nh3 Bc7 28.
Re4 Nf7 29. Rhe1 Nd6 30. Bxd6 Rxd6 31. Ng5 Rb8 32. Nf7+ Kc8 33. Ba6+ Rxa6 34.
Qxa6+ Rb7 35. Rb4 Kb8 36. Qxb7# 1-0

[Event "Challenge"]
[Site "http://www.queenalice.com/game.php?id=352864"]
[Date "2008.2.11"]
[Round "-"]
[White "kfe"]
[Black "gruber"]
[Result "1-0"]
[WhiteElo "1542"]
[BlackElo "1299"]

1. e4 e5 2. Nf3 Nc6 3. d4 Bb4+ 4. c3 Ba5 5. b4 Nxb4 6. cxb4 Bxb4+ 7. Bd2 Bxd2+
8. Qxd2 exd4 9. Qxd4 b6 10. Qxg7 Nf6 11. Qxh8+ Ke7 12. Qg7 Nxe4 13. Qe5+ 1-0

[Event "Beijo!"]
[Site "http://www.queenalice.com/game.php?id=358410"]
[Date "2008.2.21"]
[Round "-"]
[White "gruber"]
[Black "clodoaldopaiva"]
[Result "0-1"]
[WhiteElo "1311"]
[BlackElo "1391"]

1. d4 Nc6 2. d5 Nb4 3. c3 Na6 4. Bf4 d6 5. e4 f6 6. Bc4 h5 7. a4 e5 8. dxe6 Qe7
9. Bd5 Bxe6 10. Bxb7 Rb8 11. Bxa6 f5 12. b4 fxe4 13. Bb5+ Bd7 14. Be2 g5 15.
Bxh5+ Kd8 16. Be3 Nf6 17. Bxg5 Rxh5 18. Qxh5 Nxh5 19. Bxe7+ Bxe7 20. Nd2 d5 21.
Ne2 Bf6 22. Rc1 Bxa4 23. g4 Ng7 24. Nxe4 dxe4 25. Ra1 Bd7 26. Rxa7 Bh4 27. g5 e3
28. Kd1 exf2 29. Ra6 Nf5 30. Rf6 Ba4+ 31. Kc1 Bxg5+ 32. Nf4 Bxf6 33. Ne6+ Kd7
34. Nc5+ Ke7 35. Nxa4 Ra8 0-1

[Event "5 x 4"]
[Site "http://www.queenalice.com/game.php?id=360715"]
[Date "2008.2.25"]
[Round "-"]
[White "fferraz"]
[Black "gruber"]
[Result "0-1"]
[WhiteElo "1410"]
[BlackElo "1298"]

1. d4 d5 2. Qd3 a6 3. Bf4 g6 4. Qc3 Nc6 5. e4 e6 6. exd5 Bb4 7. dxc6 Bxc3+ 8.
bxc3 bxc6 9. Bc4 a5 10. Nf3 Ba6 11. Ne5 g5 12. Nxc6 Qf6 13. Bxc7 Bxc4 14. Be5
Qf5 15. Bxh8 Qe4+ 16. Kd1 Qxg2 17. Re1 Qxc6 18. Na3 Bd5 19. c4 Bf3+ 20. Kd2 Qa4
21. Nb5 O-O-O 22. Re5 Bc6 23. Na7+ Kb7 24. d5 Kxa7 25. Ke2 Qxc4+ 26. Ke1 Qc3+
27. Kd1 Qxa1+ 28. Ke2 exd5 29. Rxg5 Qxh8 30. c4 Qb2+ 31. Kd3 Qxa2 32. cxd5 Bxd5
33. f4 Qc4+ 34. Ke3 Qe4+ 35. Kf2 Qxf4+ 36. Ke2 Qxg5 37. Kd3 Ba2+ 0-1

[Event "Challenge"]
[Site "http://www.queenalice.com/game.php?id=365686"]
[Date "2008.3.4"]
[Round "-"]
[White "clodoaldopaiva"]
[Black "gruber"]
[Result "1-0"]
[WhiteElo "1397"]
[BlackElo "1318"]

1. Nf3 e6 2. e4 h5 3. c4 c5 4. Ne5 Bd6 5. d4 Bxe5 6. dxe5 Qa5+ 7. Bd2 Qc7 8. Na3
Qxe5 9. Bd3 Qxb2 10. Nb5 Qe5 11. Qc1 a6 12. Bc3 Qxh2 13. Nc7+ Kd8 14. Rxh2 Kxc7
15. Bxg7 1-0

[Event "Challenge"]
[Site "http://www.queenalice.com/game.php?id=367529"]
[Date "2008.3.8"]
[Round "-"]
[White "clodoaldopaiva"]
[Black "gruber"]
[Result "0-1"]
[WhiteElo "1382"]
[BlackElo "1339"]

1. e3 e6 2. d4 c6 3. c4 Bb4+ 4. Nc3 Nf6 5. Bd3 d5 6. c5 h5 7. Nf3 Ng4 8. Ng5
Qxg5 9. e4 Qf6 10. f3 Nh6 11. e5 Qh4+ 12. Kf1 Qxd4 13. Qe1 Qxd3+ 14. Kg1 Bxc5+
15. Be3 Bxe3+ 0-1

[Event "6 x 5?"]
[Site "http://www.queenalice.com/game.php?id=367597"]
[Date "2008.3.8"]
[Round "-"]
[White "fferraz"]
[Black "gruber"]
[Result "0-1"]
[WhiteElo "1352"]
[BlackElo "1340"]

1. d4 d5 2. Bf4 h6 3. h4 f6 4. Qd3 f5 5. g4 g6 6. Bg2 Nc6 7. Nc3 Nb4 8. Qb5+ Nc6
9. Nxd5 a6 10. Nxc7+ Kf7 11. Bd5+ e6 12. Nxe6 Bxe6 13. Qxb7+ Nge7 14. gxf5 gxf5
15. Bf3 h5 16. Bxc6 Rc8 17. Ba4 Qa5+ 18. b4 Qxa4 19. Bg5 Bd5 20. Qa7 Qxb4+ 21.
Kf1 Bxh1 22. f3 Bg7 23. a3 Bxd4 24. axb4 Bxa7 25. Nh3 Nd5 26. Rxa6 Bd4 27. Rd6
Ne3+ 28. Kg1 Nxc2+ 29. Kxh1 Be5 30. Rf6+ Bxf6 31. Nf4 Bxg5 32. hxg5 Nxb4 33. g6+
Kf6 34. e4 Rc2 35. g7 Ra8 36. Nxh5+ Ke7 37. g8=Q Rxg8 38. exf5 Rh8 39. f6+ Ke6
40. f7 Rxh5+ 41. Kg1 Rf5 42. Kf1 Kxf7 43. Ke1 Rxf3 44. Kd1 Rf1# 0-1

[Event "Challenge"]
[Site "http://www.queenalice.com/game.php?id=370410"]
[Date "2008.3.13"]
[Round "-"]
[White "clodoaldopaiva"]
[Black "gruber"]
[Result "0-1"]
[WhiteElo "1421"]
[BlackElo "1356"]

1. b3 e6 2. d4 d5 3. Nc3 Bb4 4. Bd2 Qf6 5. Nb5 Qe7 6. a3 Nc6 7. c3 Ba5 8. b4 a6
9. a4 b6 10. Qc2 axb5 11. bxa5 Rxa5 12. e4 Rxa4 13. Rxa4 bxa4 14. Qxa4 Bd7 15.
Qa8+ Qd8 16. Qa7 Nxa7 17. exd5 exd5 18. Nf3 f6 19. Bd3 Qe7+ 20. Be3 Qa3 21. O-O
Qxc3 22. Ba6 Bb5 23. Rc1 Qd3 24. Bb7 Ne7 25. h3 g5 26. Ne1 Qe2 27. Kh2 h5 28.
Rxc7 Qxe1 29. Ba8 h4 30. Rxa7 Nf5 31. Ra3 Kd8 32. Bxd5 Re8 33. Bf7 Rxe3 34. fxe3
Ng3 35. Ra8+ Kc7 0-1

[Event "Desempate"]
[Site "http://www.queenalice.com/game.php?id=371294"]
[Date "2008.3.14"]
[Round "-"]
[White "pabloitu"]
[Black "gruber"]
[Result "1-0"]
[WhiteElo "1358"]
[BlackElo "1388"]

1. e4 f6 2. Nc3 e5 3. f3 c6 4. Na4 b5 5. Nc3 Bb4 6. a4 Ba6 7. f4 Bxc3 8. dxc3 h5
9. axb5 Bxb5 10. fxe5 Bxf1 11. Kxf1 fxe5 12. Nf3 Qf6 13. Bg5 Qe6 14. Ra5 d6 15.
c4 Qxc4+ 16. Ke1 Qb4+ 17. Qd2 Qxe4+ 18. Qe2 Qb4+ 19. Bd2 Qxb2 20. Qe4 Qb1+ 21.
Ke2 Qxh1 22. Qg6+ Kf8 23. Ng5 Nf6 24. Qf7# 1-0

[Event "Pega Leve! Enferrujei!"]
[Site "http://www.queenalice.com/game.php?id=561367"]
[Date "2009.3.25"]
[Round "-"]
[White "clodoaldopaiva"]
[Black "gruber"]
[Result "1-0"]
[WhiteElo "1508"]
[BlackElo "1371"]

1. e4 e6 2. d4 c6 3. Bd3 b6 4. Be3 Ba6 5. c4 g5 6. Nf3 b5 7. Bxg5 f6 8. Ne5 fxg5
9. Qh5+ Ke7 10. Qf7+ Kd6 11. c5+ Kc7 12. d5 Bxc5 13. Nxc6 Nxc6 14. dxc6 Qf8 15.
Qxd7+ Kb8 16. c7+ Kb7 17. c8=Q+ Kb6 18. Qdc6+ Ka5 19. Q8xa6+ Kb4 20. Qcxb5# 1-0

[Event "Bora Gruber!"]
[Site "http://www.queenalice.com/game.php?id=564489"]
[Date "2009.3.31"]
[Round "-"]
[White "Cristianovisk"]
[Black "gruber"]
[Result "1-0"]
[WhiteElo "1271"]
[BlackElo "1334"]

1. e4 e6 2. a4 Nf6 3. d3 b6 4. a5 c5 5. axb6 Qxb6 6. e5 Nd5 7. h4 h5 8. Nf3 Qb4+
9. c3 Qb5 10. c4 Qb4+ 11. Bd2 Qxb2 12. Ra3 Nc6 13. Qb3 Qxb3 14. Rxb3 Rb8 15.
Rxb8 Nxb8 16. cxd5 exd5 17. d4 c4 18. Nc3 Ba3 19. Nxd5 Bb7 20. Bxc4 Ba6 21. Nc7+
Ke7 22. Bxa6 Rh6 23. Bc4 Rc6 24. Nd5+ Kd8 25. Rh3 Rxc4 26. Ng5 Rxd4 27. Ba5+ Kc8
28. Rc3+ Nc6 29. Rxa3 Rxd5 30. Bc3 Nxe5 31. Rxa7 Nd3+ 32. Ke2 Nf4+ 33. Kf3 Nd3
34. Ke4 Kb8 35. Ra5 Rd6 36. Nxf7 Nxf2+ 37. Kf4 Rc6 38. Bxg7 Ng4 39. Kg5 Rc2 40.
g3 Rg2 41. Bd4 Rxg3 42. Kxh5 Ne3 43. Ba7+ Kb7 44. Nd6+ Kc6 45. Bb8 1-0

[Event "Challenge"]
[Site "http://www.queenalice.com/game.php?id=565092"]
[Date "2009.4.1"]
[Round "-"]
[White "clodoaldopaiva"]
[Black "gruber"]
[Result "1-0"]
[WhiteElo "1564"]
[BlackElo "1360"]

1. e4 e5 2. Nf3 h6 3. Nxe5 Qg5 4. d4 Qf6 5. Be3 Bd6 6. Bc4 Bxe5 7. dxe5 Qxe5 8.
Nc3 Nc6 9. Qf3 Nd4 10. Qxf7+ Kd8 11. O-O-O c5 12. f4 Qf6 13. Qd5 d6 14. e5 Qe7
15. Rhe1 Be6 16. exd6 Bxd5 17. dxe7+ Nxe7 18. Nxd5 Nxd5 19. Bxd5 Re8 20. Bxb7
Rb8 21. Ba6 Re4 22. c3 Rxe3 23. Rxe3 Rb6 24. Bc4 Rd6 25. cxd4 Rxd4 26. Re5 Rxd1+
27. Kxd1 g5 28. f5 Kd7 29. f6 1-0

[Event "Vai ai ?"]
[Site "http://www.queenalice.com/game.php?id=579819"]
[Date "2009.4.29"]
[Round "-"]
[White "pabloitu"]
[Black "gruber"]
[Result "1-0"]
[WhiteElo "1471"]
[BlackElo "1345"]

1. Nc3 g6 2. e4 Bg7 3. Qf3 Nh6 4. Bc4 O-O 5. Nh3 e6 6. e5 Bxe5 7. d3 Nc6 8. Bxh6
Bxc3+ 9. bxc3 d5 10. Bb3 d4 11. c4 Qh4 12. Qf4 Qxf4 13. Bxf4 e5 14. Bh6 Ne7 15.
Bxf8 Kxf8 16. c5 Bxh3 17. gxh3 Nf5 18. O-O-O Ne3 19. Rde1 Ng2 20. Rxe5 a5 21.
Bd5 Re8 22. Rg5 1-0

[Event "Challenge"]
[Site "http://www.queenalice.com/game.php?id=580361"]
[Date "2009.4.30"]
[Round "-"]
[White "clodoaldopaiva"]
[Black "gruber"]
[Result "1-0"]
[WhiteElo "1583"]
[BlackElo "1352"]

1. Nf3 Nf6 2. d4 d5 3. e3 Ne4 4. b3 e6 5. c4 Bb4+ 6. Bd2 Nc6 7. Be2 b6 8. O-O
Bxd2 9. Nbxd2 a5 10. cxd5 Qxd5 11. Qc1 Ba6 12. Bc4 Bxc4 13. bxc4 Qf5 14. Qc2 Nb4
15. Qa4+ c6 16. a3 Nc3 17. Qb3 Qc2 18. axb4 Qxb3 19. Nxb3 a4 20. Ne5 b5 21. Nc5
1-0